Boya Chinese : (Record no. 30174)
[ view plain ]
| 000 -LEADER | |
|---|---|
| fixed length control field | 01493nam a22003851i 4500 |
| 003 - CONTROL NUMBER IDENTIFIER | |
| control field | EG-ScBUE |
| 005 - DATE AND TIME OF LATEST TRANSACTION | |
| control field | 20230301080623.0 |
| 008 - FIXED-LENGTH DATA ELEMENTS--GENERAL INFORMATION | |
| fixed length control field | 200219s2016 cc f 000 0 chi d |
| 020 ## - INTERNATIONAL STANDARD BOOK NUMBER | |
| International Standard Book Number | 9789778653755 (vol. 1) |
| 020 ## - INTERNATIONAL STANDARD BOOK NUMBER | |
| International Standard Book Number | 9789778653748 (vol. 2) |
| 040 ## - CATALOGING SOURCE | |
| Original cataloging agency | EG-ScBUE |
| Language of cataloging | eng |
| Description conventions | rda |
| Transcribing agency | EG-ScBUE |
| Modifying agency | EG-ScBUE |
| 041 1# - LANGUAGE CODE | |
| Language code of text/sound track or separate title | ara |
| Language code of original and/or intermediate translations of text | chi |
| 082 04 - DEWEY DECIMAL CLASSIFICATION NUMBER | |
| Edition number | 22 |
| Classification number | 495.182421 |
| Item number | BOY |
| 245 00 - TITLE STATEMENT | |
| Title | Boya Chinese : |
| Remainder of title | Intermediate = منهج العالمي : متوسط متقدم / |
| Statement of responsibility, etc | تحرير لي شياوتشي ؛ تعريب فاطمة أسامة، هبة عادل. |
| 246 31 - VARYING FORM OF TITLE | |
| Title proper/short title | منهج العالمي : |
| Remainder of title | متوسط متقدم |
| 250 ## - EDITION STATEMENT | |
| Edition statement | Second edition. |
| 264 #1 - PUBLICATION, DISTRIBUTION, ETC. (IMPRINT) | |
| Place of publication, distribution, etc | Beijing : |
| Name of publisher, distributor, etc | Peking University Press, |
| Date of publication, distribution, etc | 2016. |
| 300 ## - PHYSICAL DESCRIPTION | |
| Extent | 2 volumes : |
| Dimensions | 26 cm. |
| 336 ## - CONTENT TYPE | |
| Source | rdacontent |
| Content type term | text |
| Content type code | txt |
| 337 ## - MEDIA TYPE | |
| Source | rdamedia |
| Media type term | unmediated |
| Media type code | n |
| 338 ## - CARRIER TYPE | |
| Source | rdacarrier |
| Carrier type term | volume |
| Carrier type code | nc |
| 490 0# - SERIES STATEMENT | |
| Series statement | مناهج بيت الحكمة في اللغة الصينية |
| 505 0# - FORMATTED CONTENTS NOTE | |
| Formatted contents note | Volume 1 -- Volume 2. |
| 546 ## - LANGUAGE NOTE | |
| Language note | Text in Arabic ; translated from the original Chinese.<br/> |
| 650 #7 - SUBJECT ADDED ENTRY--TOPICAL TERM | |
| Topical term or geographic name as entry element | Chinese language |
| Form subdivision | Textbooks. |
| Source of heading or term | BUEsh |
| 650 #7 - SUBJECT ADDED ENTRY--TOPICAL TERM | |
| Topical term or geographic name as entry element | Chinese language |
| General subdivision | Examinations |
| Form subdivision | Study guides. |
| Source of heading or term | BUEsh |
| 650 #7 - SUBJECT ADDED ENTRY--TOPICAL TERM | |
| Topical term or geographic name as entry element | Chinese language |
| General subdivision | Terms and phrases. |
| Source of heading or term | BUEsh |
| 653 ## - INDEX TERM--UNCONTROLLED | |
| Resource For college | Humanities: Chinese |
| Arrived date list | March2023 |
| 655 ## - INDEX TERM--GENRE/FORM | |
| Form subdivision | Reading book |
| 700 1# - ADDED ENTRY--PERSONAL NAME | |
| Personal name | شياوتشي، لي، |
| Relator term | محرر. |
| 700 1# - ADDED ENTRY--PERSONAL NAME | |
| Personal name | أسامة، فاطمة، |
| Relator term | مترجم. |
| 700 1# - ADDED ENTRY--PERSONAL NAME | |
| Personal name | عادل، هبة، |
| Relator term | مترجم. |
| 942 ## - ADDED ENTRY ELEMENTS (KOHA) | |
| Source of classification or shelving scheme | Dewey Decimal Classification |
| Koha item type | Book - Borrowing |
| Withdrawn status | Lost status | Source of classification or shelving scheme | Damaged status | Not for loan | Collection code | Home library | Current library | Shelving location | Date acquired | Source of acquisition | Cost, normal purchase price | Serial Enumeration / chronology | Total Checkouts | Full call number | Barcode | Date last seen | Cost, replacement price | Price effective from | Koha item type |
|---|---|---|---|---|---|---|---|---|---|---|---|---|---|---|---|---|---|---|---|
| Dewey Decimal Classification | Baccah | Central Library | Central Library | Second Floor | 01/03/2023 | Purchase | 300.00 | 37177 | 495.182421 BOY | 000044811 | 15/07/2025 | 375.00 | 01/03/2023 | Book - Borrowing | |||||
| Dewey Decimal Classification | Baccah | Central Library | Central Library | Second Floor | 01/03/2023 | Purchase | 300.00 | 37177 | 495.182421 BOY | 000044812 | 15/07/2025 | 375.00 | 01/03/2023 | Book - Borrowing |